| 000 | 01076nas a2200349 4500 | ||
|---|---|---|---|
| 001 | BR2015005302 | ||
| 003 | BR-BrBNA | ||
| 005 | 20231205125722.0 | ||
| 007 | ta | ||
| 008 | 230509b bl.|||p| |||| 00| 00por d | ||
| 040 |
_aBR-BrBNA _bpor _cBiblioteca Nacional de Agricultura |
||
| 041 | _a(Pt) | ||
| 072 | _aL72 | ||
| 100 | 1 | _aOliveira, H.H. de | |
| 100 | 1 | _aQuinelato, I.P. de F. | |
| 100 | 1 | _aGomes, V. | |
| 100 | 1 | _aAmorim, M. | |
| 100 | 1 | _aGazêta, G.S. | |
| 100 | 1 | _aSerra-Freire, N.M. | |
| 100 | 1 | _aMorelli-Amaral, V.F. | |
| 100 | 1 | _aSilva, A.B. da | |
| 100 | 1 | _aCarvalho, R.W. de | |
| 100 | 1 | _aCarvalho, A.G. de | |
| 245 | 1 | _aIxodofauna em roedores e marsupiais capturados no Parque Estadual da Pedra Branca, Rio de Janeiro, Brasil | |
| 650 | _aROEDOR | ||
| 650 | _aCARRAPATO | ||
| 650 | _aPARASITO DE ANIMAL | ||
| 650 | _aTEMPERATURA | ||
| 773 | 0 |
_tRevista Brasileira de Medicina Veterinária (Brazil) _xISSN 0100-2430 _g(Apr-Jun 2014), v. 36(2) p. 137-143 _wBR2015005302 |
|
| 909 |
_a202311 _bLúcia _c55 _dLúcia Elande |
||
| 942 |
_2AGRIS _n0 _cANA |
||
| 999 |
_c245750 _d245750 |
||